000 01076nam a2200265Ia 4500
003 OSt
005 20221005103635.0
006 a|||||r|||| 00| 0
007 ta
008 221004b |||||||| |||| 00| 0 hin d
020 _cIndian Rupees 60
024 _a28520
037 _bGift, 14/02/2017,
_cTextual
040 _aCRL
_cCRL
_bhin
041 _2hin
_ahin
082 _aV2y7M91, 152Q6
100 _aराठौड़, हनुमान सिंह
245 0 _aबाबा साहब डॉ. भीमराव अम्बेडकर शैक्षि अवदान
246 _aBābā sāhab ḍaॉ. Bhīmarāv ambeḍakar shaikṣhi avadāna
260 _aदिल्ली
_bअखिल भारतीय राष्ट्रीय शैक्षिक महासंघ भारत
_c2016
300 _a128पृ0
_ccm.
650 _aभारत-इतिहास
_9156353
942 _hV2y7M91, 152Q6
_cTEXL
_2cc
999 _c1010480
_d1010480